000 00380nam a22001337a 4500
005 20250924120007.0
008 250924b |||||||| |||| 00| 0 eng d
020 _a9781853833724
050 _aS625
_b.A4 SUS
245 _aSUSTAINING THE SOIL:
_bINDIGENOUS SOIL AND WATER CONSERVATION IN AFRICA
260 _aLONDON
_bEARTHSCAN PUB
_cc1996
300 _axii, 260p
942 _2lcc
_cBK
_n0
999 _c7678
_d7678